[Event "Chicago Open"]
[Site "Wheeling USA"]
[Date "2011.05.28"]
[Round "5"]
[White "Andrews,T"]
[Black "Whaley,D"]
[Result "1/2-1/2"]
[WhiteElo "2291"]
[BlackElo "2160"]

1.e4 c5 2.Nf3 e6 3.d4 cxd4 4.Nxd4 a6 5.Nc3 b5 6.Bd3 Qc7 7.O-O Nf6 8.Re1 d6
9.Qf3 Be7 10.Qg3 O-O 11.Bh6 Ne8 12.Rad1 Bf6 13.Nf3 Kh8 14.Bf4 Bxc3 15.bxc3 e5
16.Nxe5 dxe5 17.Bxe5 Qb6 18.Bd4 Qg6 19.Qh4 Nc6 20.Bc5 Rg8 21.f4 Qf6 22.Qf2 Qxc3
23.e5 g6 24.Be4 Bb7 25.Rd7 Rb8 26.Rxf7 Nd8 27.Bd4 Qc4 28.e6+ Ng7 29.Rxg7 Rxg7
30.e7 Nc6 31.Bxg7+ Kxg7 32.Bxg6 hxg6 33.e8=Q Rxe8 34.Rxe8 Qxa2 35.Qb6 Qf7
36.Re3 Kh7 37.Rh3+ Kg7 38.Qc5 Qf6 39.Rd3 Qxf4 40.Rd7+ Kh6 41.Rxb7 Nd4 42.Re7 Qc1+
43.Kf2 Qd2+ 44.Kf1 Qd1+ 45.Kf2 Qd2+  1/2-1/2

[Event "TCh-FRA Top 12 2011"]
[Site "Mulhouse FRA"]
[Date "2011.05.29"]
[Round "4.6"]
[White "Bodenez,V"]
[Black "Relange,E"]
[Result "1/2-1/2"]
[WhiteElo "2199"]
[BlackElo "2466"]

1.e4 c5 2.Nf3 e6 3.Nc3 a6 4.d4 cxd4 5.Nxd4 d6 6.Be3 b5 7.Qd2 Bb7 8.f3 Nd7
9.O-O-O Rc8 10.Bd3 h5  1/2-1/2

[Event "Nis Open 2011"]
[Site "Nis SRB"]
[Date "2011.06.01"]
[Round "8.6"]
[White "Markovic,Ma"]
[Black "Ostojic,N2"]
[Result "1-0"]
[WhiteElo "2303"]
[BlackElo "2097"]

1.e4 c5 2.Nc3 e6 3.Nf3 a6 4.d4 cxd4 5.Nxd4 d6 6.g4 b5 7.Bg2 Bb7 8.a4 b4 9.Nce2 Nf6
10.Ng3 d5 11.e5 Nfd7 12.f4 Nc6 13.c3 Qb6 14.O-O Nxd4 15.cxd4 a5 16.Rf2 Be7
17.f5 Bh4 18.Bf4 O-O-O 19.g5 Kb8 20.Qg4 Bxg3 21.Bxg3 g6 22.fxe6 fxe6 23.Rf7 Bc8
24.Rc1 Rdf8 25.Rf6 Nxf6 26.exf6+ Ka8 27.Bc7 Qa6 28.Bf1 Qa7 29.Rc5 Rf7 30.Qf4 Rxc7
31.Qxc7 Qxc7 32.Rxc7 Kb8 33.Rg7 h6 34.f7 Rf8 35.gxh6  1-0

[Event "TCh-BUL GpA Men"]
[Site "Albena BUL"]
[Date "2011.06.02"]
[Round "1.1"]
[White "Gochev,M"]
[Black "Velikov,P"]
[Result "1/2-1/2"]
[WhiteElo "2284"]
[BlackElo "2414"]

1.e4 c5 2.Nf3 e6 3.Nc3 a6 4.d4 cxd4 5.Nxd4 Qc7 6.g3 Nf6 7.Bg2 Nc6 8.Nb3 d6
9.O-O Be7 10.Qe2 O-O 11.f4 b5 12.a3 Bb7 13.g4 Nd7 14.Be3 Rfe8 15.g5 Bf8 16.Rf3 g6
17.Qf2 Bg7 18.Rh3 Rac8 19.Rf1 b4 20.axb4 Nxb4 21.Nd4 Nc6 22.Nde2 Nb4 23.Nd4 Nc6
24.Nde2 Nb4  1/2-1/2

[Event "XX Guillermo Garcia Mem Elite"]
[Site "Santa Clara CUB"]
[Date "2011.06.02"]
[Round "12.3"]
[White "Fernandez Cardoso,A"]
[Black "Borges Mateos,J"]
[Result "1-0"]
[WhiteElo "2473"]
[BlackElo "2451"]

1.e4 c5 2.Nf3 e6 3.d4 cxd4 4.Nxd4 a6 5.Nc3 Qc7 6.Be3 Nf6 7.a3 b5 8.Bd3 Nc6
9.Nb3 Ne5 10.f4 Nc4 11.Bc1 Bb7 12.O-O Rc8 13.Qe2 Be7 14.Kh1 O-O 15.Rf3 Rfe8
16.Rh3 g6 17.Nd2 d5 18.e5 Nd7 19.Nb3 Nxa3 20.bxa3 Qxc3 21.Bxg6 hxg6 22.Rxc3 Rxc3
23.Bb2 Rc4 24.Bd4 Nc5 25.Bxc5 Bxc5 26.Nxc5 Rxc5 27.h4 Rec8 28.Ra2 d4 29.Qf2 Rc4
30.h5 Be4 31.h6 Kh7 32.Qh4 Rxc2 33.Rxc2 Bxc2 34.Qf6 Kxh6 35.Qxf7 d3 36.Qxe6 Rf8
37.Qh3+ Kg7 38.Qd7+ Rf7 39.Qd4 Kh7 40.e6 Rg7 41.Qd6 Bb3 42.f5 gxf5 43.e7 Bf7
44.Qxd3 Kg6 45.Qd8  1-0

[Event "ch-Flanders 2011"]
[Site "Ghent BEL"]
[Date "2011.06.04"]
[Round "6.2"]
[White "Docx,S"]
[Black "Rooze,J"]
[Result "1-0"]
[WhiteElo "2334"]
[BlackElo "2333"]

1.e4 c5 2.Nf3 e6 3.d4 cxd4 4.Nxd4 a6 5.Nc3 Qc7 6.Be2 b5 7.O-O Bb7 8.Re1 Nc6
9.Nxc6 dxc6 10.e5 Bb4 11.Bd3 Ne7 12.Qg4 c5 13.a4 Bxc3 14.bxc3 O-O 15.c4 b4
16.Bg5 Rfe8 17.Re3 Nf5 18.Bf6 Kf8 19.Bxf5  1-0

[Event "Mayor's Cup of Good Wine"]
[Site "Hustopece CZE"]
[Date "2011.06.04"]
[Round "6"]
[White "Haba,P"]
[Black "Zpevak,P"]
[Result "1/2-1/2"]
[WhiteElo "2504"]
[BlackElo "2410"]

1.e4 c5 2.Nf3 e6 3.d4 cxd4 4.Nxd4 a6 5.Nc3 Qc7 6.Be2 Nf6 7.O-O Nc6 8.Be3 Bb4
9.Nxc6 bxc6 10.Qd4 c5 11.Qc4 Bb7 12.a3 d5 13.exd5 exd5 14.Bf4 Qe7 15.Qb3 Bxc3
16.Qxc3 O-O 17.Bf3 Ne4 18.Qa5 Rac8  1/2-1/2

[Event "3rd Orissa Open"]
[Site "Bhubaneswar IND"]
[Date "2011.06.05"]
[Round "10"]
[White "Preethi,R"]
[Black "Debashis,D"]
[Result "0-1"]
[WhiteElo "2031"]
[BlackElo "2392"]

1.e4 c5 2.Nf3 e6 3.d4 cxd4 4.Nxd4 a6 5.Nc3 Qc7 6.Bd3 Nf6 7.O-O Bc5 8.Nb3 Be7
9.f4 d6 10.Kh1 Nbd7 11.Qe2 b5 12.a3 Bb7 13.Bd2 O-O 14.Rae1 e5 15.Nd1 Rac8
16.Ba5 Qb8 17.Ne3 g6 18.Ng4 Nxg4 19.Qxg4 Nf6 20.Qe2 Nh5 21.f5 Nf4 22.Qg4 Nh5
23.Bd2 Bf6 24.Na5 Ba8 25.c4 Bg7 26.cxb5 axb5 27.fxg6 hxg6 28.Qe2 d5 29.exd5 Bxd5
30.Bxb5 Nf4 31.Bxf4 exf4 32.b4 f3 33.gxf3 Rc3 34.a4 Qf4 35.Rd1 Bxf3+ 36.Rxf3 Rxf3
37.Qc4 Qh6 38.Qc7 Re3 39.Nc4 Re2 40.Qg3 Qh5 41.Rf1 Rd8 42.Bc6 Rc2 43.Bf3 Qh6
44.Ne5 Bxe5 45.Qxe5 Rc1 46.Bg2 Rxf1+ 47.Bxf1 Qc1 48.Kg1 Rd1 49.Qe8+ Kg7 50.Qe5+ Kh7
51.Qf6 Qe3+ 52.Qf2 Qg5+ 53.Qg3 Qxg3+ 54.hxg3 Rd4 55.a5 Rxb4 56.a6 Ra4 57.Kf2 Ra3
58.g4 Kh6 59.Be2 Kg5 60.Ke1 Kf4 61.Kd1 Ra2 62.Bc4 Ra4 63.Bb5 Ra5 64.Be2 Ke3
65.Bc4 Ra4 66.Bb5 Ra5 67.Bc4 Kd4 68.Be2 Ra1+ 69.Kc2 Ra2+ 70.Kd1 g5 71.Bb5 Ra5
72.Be2 Ra1+ 73.Kc2 Ra2+ 74.Kd1 f6 75.Bb5 Ra5 76.Be2 Ra1+ 77.Kc2 Ra2+ 78.Kd1 Ke3
79.Bb5 Ra5 80.Bc4 Rc5 81.Bf1 f5 82.gxf5 Rxf5 83.Bg2 Ra5 84.Bb7 g4 85.Kc2 g3
86.Kb3 Rxa6 87.Bxa6 g2  0-1

[Event "FSIM June"]
[Site "Budapest HUN"]
[Date "2011.06.05"]
[Round "2"]
[White "Vas,P SWE"]
[Black "Farago,S"]
[Result "0-1"]
[WhiteElo "2297"]
[BlackElo "2281"]

1.e4 c5 2.Nf3 e6 3.d4 cxd4 4.Nxd4 a6 5.Nc3 b5 6.Bd3 Bb7 7.O-O Bc5 8.Nb3 Ba7
9.Qg4 Nf6 10.Qg3 d6 11.Bg5 Nbd7 12.Rad1 b4 13.Nb1 Qc7 14.Bxf6 Nxf6 15.N1d2 O-O
16.Kh1 e5 17.Qh4 a5 18.Nc4 a4 19.Nbd2 Bc5 20.f4 Nd7 21.Nf3 h6 22.fxe5 dxe5
23.Qg3 Rae8 24.Nh4 Re6 25.Ne3 Bxe3 26.Qxe3 Nf6 27.Nf5 Kh7 28.Qe2 g6 29.Ng3 Rd6
30.Rf3 Bc8 31.h3 Kg7 32.Rdf1 Qe7 33.Qf2 Nh7 34.Qc5 Re6 35.Qxe7 Rxe7 36.Bc4 Ng5
37.Rd3 Rc7 38.b3 Be6 39.Bxe6 Nxe6 40.Rf2 Nd4 41.bxa4 Nxc2 42.Rb3 Rc4 43.Rb2 Nd4
44.Nf1 Ra8 45.Ne3 Rc1+ 46.Kh2 Rxa4 47.Nd5 Re1 48.Nf6 Ra6 49.Ne8+ Kf8 50.Nf6 Nc6
51.Rbd2 Ra7 52.Rd6 Rc1 53.Nd5 Kg7 54.Rff6 Nd4 55.Nxb4 Re1 56.Rf2 Rxe4 57.Nd3 Nf5
58.Rd5 f6 59.Nc5 Re1 60.Ne6+ Kf7 61.Nd8+ Ke8 62.Ne6 Ke7 63.Nd8 Rd7 64.Rxd7+ Kxd7
65.Nb7 e4 66.a4 e3 67.Rb2 Nd4 68.Nc5+ Kc6 69.Nd3 Rd1 70.Nb4+ Kd6  0-1

[Event "1st ICC Open Final"]
[Site "ICC INT"]
[Date "2011.06.05"]
[Round "1.2"]
[White "Hovhannisyan,R"]
[Black "Andreikin,D"]
[Result "0-1"]
[WhiteElo "2553"]
[BlackElo "2687"]

1.e4 c5 2.Nf3 e6 3.d4 cxd4 4.Nxd4 a6 5.Nc3 b5 6.Bd3 Qb6 7.Be3 Bc5 8.Be2 Nc6
9.Nxc6 dxc6 10.Qd6 Bxd6 11.Bxb6 e5 12.a4 b4 13.Nb1 Nf6 14.f3 Nd7 15.Be3 Bc5
16.Kf2 Ke7 17.Nd2 a5 18.Rhd1 f6 19.Bc4 Rd8 20.Nb3 Bxe3+ 21.Kxe3 Nb6 22.Be2 Rxd1
23.Bxd1 Nc4+ 24.Kf2 Nxb2 25.Be2 Be6 26.Nc5 Bc4 27.Rb1 Bxe2 28.Rxb2 Bc4 29.Rb1 Kd6
30.Nb7+ Kc7 31.Nc5 Rd8 32.Ke3 Kb6 33.Nb3 c5 34.Nd2 Ba2 35.Ra1 Be6 36.Rd1 Rd4
37.Rc1 c4 38.f4 b3 39.cxb3 cxb3 40.fxe5 fxe5 41.Nf3 b2 42.Rb1 Rb4 43.Nxe5 Ba2
44.Rxb2 Rxb2 45.Kd4 Rb4+  0-1

[Event "1st ICC Open Final"]
[Site "ICC INT"]
[Date "2011.06.05"]
[Round "1.4"]
[White "Hovhannisyan,R"]
[Black "Andreikin,D"]
[Result "1-0"]
[WhiteElo "2553"]
[BlackElo "2687"]

1.e4 c5 2.Nf3 e6 3.d4 cxd4 4.Nxd4 a6 5.Nc3 Qc7 6.Bd3 Nf6 7.O-O Nc6 8.Nxc6 bxc6
9.f4 d5 10.Qf3 Be7 11.Be3 O-O 12.e5 Nd7 13.Na4 c5 14.c4 d4 15.Bd2 Bb7 16.Qh3 g6
17.b3 Bc6 18.Nb2 a5 19.Bc2 a4 20.Nxa4 Bxa4 21.bxa4 Nb6 22.Qd3 Nxa4 23.Rfb1 Nc3
24.Bxc3 dxc3 25.Qxc3 Rfd8 26.a4 Rd4 27.g3 Bd8 28.Rb5 Qd7 29.Rf1 Bc7 30.a5 Rd2
31.Rf2 Rxf2 32.Kxf2 Qd8 33.Qd3 Qxd3 34.Bxd3 Bxa5 35.Be4 Ra7 36.Kf3 Bb4 37.Bc6 Ra3+
38.Kg4 Rc3 39.Rb7 Kf8 40.Kg5 Ba5 41.Kh6 Rxc4 42.Rb8+ Ke7 43.Re8+  1-0

[Event "Portuguese Honra"]
[Site "Vila Nova de Gaia POR"]
[Date "2011.06.05"]
[Round "1.4"]
[White "Saraiva,T"]
[Black "Ferreira,Ana"]
[Result "0-1"]
[WhiteElo "2025"]
[BlackElo "1794"]

1.e4 c5 2.Nf3 e6 3.d4 cxd4 4.Nxd4 a6 5.Nc3 Qc7 6.a3 Nf6 7.Be3 b5 8.Be2 b4
9.axb4 Bxb4 10.f3 Bxc3+ 11.bxc3 Qxc3+ 12.Kf2 Bb7 13.Nb3 Qc7 14.Nc5 Bc6 15.Nxa6 Nxa6
16.Rxa6 O-O 17.Bc5 Rxa6 18.Bxa6 Ra8 19.Be2 Bxe4 20.Qd4 Bxc2 21.h4 e5 22.Qd6 Qxd6
23.Bxd6 e4 24.Be5 e3+ 25.Kxe3 Re8 26.Kd4 h6 27.Bb5 Bf5 28.Rc1 Re6 29.g4 Rb6
30.Rc8+ Kh7 31.Bxf6 gxf6 32.Rc5 Be6 33.Bd3+ Kg7 34.Bc4 Rb4 35.Kc3 Rxc4+ 36.Rxc4 Bxc4
37.Kxc4 f5  0-1

[Event "TCh-BUL GpA Men"]
[Site "Albena BUL"]
[Date "2011.06.06"]
[Round "5.2"]
[White "Dimitrov,Pa"]
[Black "Nikolov,Mo"]
[Result "0-1"]
[WhiteElo "2344"]
[BlackElo "2583"]

1.e4 c5 2.Nf3 e6 3.d4 cxd4 4.Nxd4 a6 5.Nc3 Qc7 6.g3 Nf6 7.Bg2 Be7 8.O-O O-O
9.g4 Nc6 10.g5 Nxd4 11.Qxd4 Ng4 12.e5 Nxe5 13.Bf4 Nc6 14.Qxg7+ Kxg7 15.Bxc7 Bxg5
16.Ne4 Be7 17.Bd6 b6 18.Rad1 Ra7 19.f4 f5 20.Bxe7 Nxe7 21.Nd6 Rc7 22.c4 Kf6
23.Rd3 Rg8 24.Rg3 Ng6 25.b4 Ke7 26.Rd1 a5 27.a3 axb4 28.axb4 Rf8 29.c5 bxc5
30.b5 Ra7 31.b6 Ra4 32.b7 Bxb7 33.Nxb7 Rd4 34.Re1 c4 35.Nc5 Nxf4 36.Bf1 d6
37.Na4 d5 38.Nc3 Kf6 39.Ra1 Rd2 40.Rf3 Rg8+ 41.Kh1 Ng6 42.Re1 Rd4 43.Rh3 Rg7
44.Rf3 Rb7 45.Bh3 Rb2 46.Bf1 Rh4 47.h3 Rd4 48.Rfe3 e5 49.Ra1 f4 50.Ree1 Nh4
51.Red1 Ke6 52.Nxd5 Kxd5 53.Ra5+ Kd6 54.Rda1 Rdd2 55.Ra6+ Kc5 56.R1a5+ Kd4
57.Ra3 Rf2 58.Rd6+ Kc5 59.Rd1 Kb4 60.Ra8 Rh2+  0-1

[Event "Portuguese Honra"]
[Site "Vila Nova de Gaia POR"]
[Date "2011.06.07"]
[Round "3.5"]
[White "Pires,G"]
[Black "Ferreira,Ana"]
[Result "1-0"]
[WhiteElo "2012"]
[BlackElo "1794"]

1.e4 c5 2.Nf3 e6 3.d4 cxd4 4.Nxd4 a6 5.Nc3 Qc7 6.Bd3 Nf6 7.Qe2 d6 8.f4 Nbd7
9.g4 g6 10.f5 Ne5 11.g5 Nh5 12.Be3 Bd7 13.O-O-O b5 14.fxe6 fxe6 15.Rde1 Rc8
16.Kb1 Bg7 17.a3 Nc4 18.Bxc4 bxc4 19.Rd1 Rb8 20.Bc1 Qc5 21.e5 Bxe5 22.Ne4 Qc7
23.Nxe6 Bxe6 24.Nxd6+ Bxd6 25.Qxe6+ Be7 26.Rhf1 Rf8 27.Rd7 Rb6 28.Qxe7+  1-0

[Event "ch-Queensland"]
[Site "Gold Coast AUS"]
[Date "2011.06.09"]
[Round "2.2"]
[White "McClymont,Brodie"]
[Black "Nakauchi,G"]
[Result "0-1"]
[WhiteElo "2042"]
[BlackElo "2170"]

1.e4 c5 2.Nf3 e6 3.d4 cxd4 4.Nxd4 a6 5.Nc3 b6 6.Bd3 Bb7 7.O-O d6 8.f4 g6
9.Qe2 Bg7 10.Nf3 Nd7 11.Be3 Ngf6 12.Rad1 Qc7 13.a4 O-O 14.Kh1 Rfe8 15.Bd4 e5
16.fxe5 dxe5 17.Be3 Nc5 18.Bxc5 Qxc5 19.Bc4 Rac8 20.Bb3 Rc7 21.Rd3 b5 22.axb5 axb5
23.Rfd1 b4 24.Na4 Qf8 25.Nd2 Ba6 26.Nb6 Bxd3 27.cxd3 Qc5 28.Nbc4 Rd8 29.Ba4 Qa7
30.b3 Nd7 31.Bxd7 Rcxd7 32.Nf3 f6 33.Ne3 Ra8 34.Nd5 Qa2 35.Nd2 Rb8 36.Qf1 Kf7
37.Nc4 Re8 38.Rb1 Rxd5 39.exd5 Ra8 40.d6 Kg8 41.Qd1 Qf2 42.Ra1 f5  0-1

[Event "14th Iraklio's Open"]
[Site "Athens GRE"]
[Date "2011.06.12"]
[Round "2"]
[White "Lazaridis Elmaloglou,L"]
[Black "Petrakis,I"]
[Result "0-1"]
[WhiteElo "1865"]
[BlackElo "2216"]

1.e4 c5 2.Nf3 e6 3.d4 cxd4 4.Nxd4 a6 5.Nc3 Qc7 6.Be2 Nf6 7.Bg5 Bb4 8.Bxf6 Bxc3+
9.bxc3 Qxc3+ 10.Kf1 gxf6 11.g3 b5 12.Kg2 Bb7 13.Bf3 Nc6 14.Nxc6 Bxc6 15.Qd3 Qxd3
16.cxd3 Ke7 17.Rac1 Rac8 18.Rhd1 Bb7 19.Kf1 Rxc1 20.Rxc1 Rc8 21.Rxc8 Bxc8
22.Ke2 e5 23.Kd2 Bb7 24.Kc3 a5 25.a3 f5 26.Be2 fxe4 27.dxe4 Bc6 28.f3 Kd6
29.f4 f6 30.fxe5+ Kxe5 31.Bd3 h6 32.h3 d6 33.h4 d5 34.exd5 Kxd5 35.g4 Kc5
36.Bf5 Bd5 37.Bd7 Bc4 38.Be8 b4+ 39.Kb2 Kd4 40.Bg6 Ke5 41.Bf5 Kf4  0-1

[Event "FSIM June"]
[Site "Budapest HUN"]
[Date "2011.06.12"]
[Round "9"]
[White "Szalanczy,E"]
[Black "Farago,S"]
[Result "0-1"]
[WhiteElo "2276"]
[BlackElo "2281"]

1.e4 c5 2.Nf3 e6 3.d4 cxd4 4.Nxd4 a6 5.Nc3 b5 6.Bd3 Bb7 7.Qe2 Bc5 8.Nb3 Be7
9.Bd2 b4 10.Nd1 Nc6 11.f4 Nf6 12.Nf2 a5 13.Be3 d6 14.g4 Nd7 15.O-O-O Qc7
16.Kb1 e5 17.g5 a4 18.Nd2 a3 19.b3 exf4 20.Bxf4 Nd4 21.Qe1 Ne5 22.Nc4 O-O
23.Qxb4 Ne6 24.Bc1 d5 25.Qxe7 Qxe7 26.Nxe5 Nxg5 27.Rhg1 f6 28.Neg4 dxe4 29.Bc4+ Kh8
30.Ne3 Rad8 31.Nf5 Qc5 32.Ne3 Nf3 33.Rg4 Rxd1 34.Nfxd1 f5 35.Rg2 f4 36.Ng4 e3
37.Re2 Nd4 38.Re1 Be4 39.Ngxe3 fxe3 40.Nxe3 Rf2 41.Ng4 Bxc2+ 42.Ka1 Bg6 43.Re5 Nxb3+  0-1

[Event "28th BSG Pinkstertoernooi"]
[Site "Bussum NED"]
[Date "2011.06.12"]
[Round "5.6"]
[White "Mellema,A"]
[Black "Tjiam,D"]
[Result "1/2-1/2"]
[WhiteElo "2138"]
[BlackElo "2392"]

1.e4 c5 2.Nf3 e6 3.Nc3 a6 4.d4 cxd4 5.Nxd4 Qc7 6.g3 Nc6 7.Bg2 d6 8.O-O Bd7
9.a4 Nf6 10.Nxc6 Bxc6 11.a5 Be7 12.Be3 Rc8 13.Qe2 O-O 14.Rfd1 Rfe8 15.Bd4 Nd7
16.Rd2 Bf6 17.Qd1 Red8 18.Qe2 Bxd4 19.Rxd4 Nf6 20.Qd2 Rd7 21.h3 h6 22.g4 b5
23.axb6 Qxb6 24.b3 Rcd8 25.Na4 Qa7 26.Nc3 Qb7 27.Qd3 e5 28.Rc4 Ne8 29.Rxc6 Qxc6
30.Rxa6 Qb7 31.Ra1 Nc7 32.Bf1 Qb6 33.Qg3 d5 34.exd5 Nxd5 35.Qxe5 Nxc3 36.Qxc3 Rd2
37.Qf3 Rxc2 38.Bc4 Qc7 39.Kg2 Rcd2 40.Re1 R2d4 41.Re4 Kf8 42.Rxd4 Rxd4 43.Qa8+ Rd8
44.Qe4 Kg8 45.Qf3 Rd6 46.Qa8+ Kh7 47.Qe4+ g6 48.Qf4 Qc6+ 49.Qf3 Kg7 50.Qxc6 Rxc6
51.Kf3 Kf6 52.Ke4 Rc7 53.f4 Ke7 54.Kd5 Rd7+ 55.Kc6 Rd4 56.f5 gxf5 57.gxf5 Rf4
58.Bd5 Rxf5 59.b4 Rf6+ 60.Kc7 Rf1 61.b5 Rc1+ 62.Bc6 f5 63.b6 Rb1 64.b7 Kf6
65.b8=Q Rxb8 66.Kxb8 Kg5 67.Kc7 Kh4 68.Kd6 f4 69.Ke5 Kg3 70.h4 f3 71.Bxf3 Kxf3
72.Kf5 h5 73.Kg5 Ke4 74.Kxh5 Kf5 75.Kh6 Kf6 76.h5 Kf7 77.Kh7 Kf8 78.h6 Kf7
79.Kh8 Kf8 80.h7  1/2-1/2

[Event "TCh-SLO"]
[Site "Lasko SLO"]
[Date "2011.06.12"]
[Round "9"]
[White "Srebrnic,M"]
[Black "Gjuran,D"]
[Result "1/2-1/2"]
[WhiteElo "2354"]
[BlackElo "2351"]

1.e4 c5 2.Nc3 e6 3.Nf3 a6 4.d4 cxd4 5.Nxd4 Nc6 6.Nxc6 bxc6 7.Be2 d5 8.O-O Nf6
9.exd5 cxd5 10.Bg5 Be7 11.Bf3 O-O 12.Bf4 Bb7 13.Re1 Rc8 14.a3 Bd6 15.Bxd6 Qxd6
16.Ne4 Qe7 17.Nxf6+ Qxf6 18.c3 Qf4 19.Qc1 Qxc1 20.Raxc1 Rc4 21.Rcd1 Rfc8
22.Be2 R4c5 23.Bf3 Kf8 24.Rd4 a5 25.g3 Ba6 26.Be2 Bxe2 27.Rxe2 Rb8 28.Kf1 Ke7
29.Ke1 Kd6 30.f4 h5  1/2-1/2

[Event "20th ICSC TCh-EUR Club"]
[Site "Liverpool ENG"]
[Date "2011.06.12"]
[Round "7"]
[White "Patackas,J"]
[Black "Bozinovic,Bog"]
[Result "0-1"]
[WhiteElo "2006"]
[BlackElo "2223"]

1.e4 c5 2.Nc3 e6 3.Nf3 a6 4.d4 cxd4 5.Nxd4 b5 6.a3 Bb7 7.Be2 d6 8.O-O Nf6
9.f3 Nbd7 10.Be3 Be7 11.Qd2 O-O 12.Rad1 Rc8 13.Bd3 Qc7 14.Nce2 d5 15.exd5 Nxd5
16.Bf2 h6 17.g3 Nc5 18.c3 e5 19.Nf5 Bg5 20.Qc2 Rcd8 21.h4 Bf6 22.Ne3 Rfe8
23.Bf5 g6 24.Bh3 Bg7 25.Bg2 h5 26.Nxd5 Bxd5 27.Bxc5 Qxc5+ 28.Kh2 Bc4 29.Rxd8 Rxd8
30.Rg1 Qe3 31.Nc1 Rd2 32.Qb1 Bd5 33.Na2 Bxf3 34.Qf1 Rxb2 35.Nb4 e4 36.Nd5 Qd2
37.Nf4 Be5  0-1

[Event "Lviv Open Championship"]
[Site "Lviv UKR"]
[Date "2011.06.12"]
[Round "6.1"]
[White "Ivanov,AndA"]
[Black "Kotovskyy,D"]
[Result "1-0"]
[WhiteElo "2269"]
[BlackElo "2022"]

1.e4 c5 2.Nf3 e6 3.d4 cxd4 4.Nxd4 a6 5.Nc3 Qc7 6.Bd3 Nf6 7.O-O d6 8.Nb3 Be7
9.f4 Nbd7 10.a4 O-O 11.Kh1 b6 12.a5 b5 13.Ne2 Bb7 14.Ng3 Nc5 15.Nxc5 Qxc5
16.Qe2 Nd7 17.Be3 Qc7 18.Qg4 Nf6 19.Qh3 h6 20.f5 e5 21.Nh5 Nxh5 22.Qxh5 Bf6
23.Rf3 Rfd8 24.Rg3 Kf8 25.Bb6 Qc6 26.Bxd8 Rxd8 27.Qe2 d5 28.exd5 Qxd5 29.Rg4 Qc5
30.Be4 Bxe4 31.Rxe4 Bg5 32.Rxe5 Qb4 33.c3 Qh4 34.Re4  1-0

[Event "Voronezh Master Open"]
[Site "Voronezh RUS"]
[Date "2011.06.12"]
[Round "1.16"]
[White "Doluhanova,E"]
[Black "Kalegin,E"]
[Result "0-1"]
[WhiteElo "2225"]
[BlackElo "2471"]

1.e4 c5 2.Nf3 e6 3.d4 cxd4 4.Nxd4 a6 5.Nc3 b5 6.Be3 Bb7 7.Bd3 Qc7 8.Qe2 Nf6
9.a3 Nc6 10.O-O Be7 11.Kh1 O-O 12.f4 d6 13.Rf3 Nxd4 14.Bxd4 e5 15.fxe5 dxe5
16.Bf2 Nh5 17.Be3 Nf4 18.Bxf4 exf4 19.Nd5 Bxd5 20.exd5 Bd6 21.a4 Rfe8 22.Qf2 Qa5
23.c3 bxa4 24.Qd4 a3 25.bxa3 g6 26.h3 Rac8 27.Rb1 Qxa3 28.c4 Qa5 29.Qf6 Be5
30.Qb6 Qa2 31.Re1 Qd2  0-1

[Event "35th Open"]
[Site "Fourmies FRA"]
[Date "2011.06.13"]
[Round "7.2"]
[White "Lobzhanidze,D"]
[Black "Istratescu,A"]
[Result "1/2-1/2"]
[WhiteElo "2474"]
[BlackElo "2623"]

1.e4 c5 2.Nf3 e6 3.d4 cxd4 4.Nxd4 a6 5.Nc3 Nc6 6.Nxc6 bxc6 7.Bd3 d5 8.O-O Nf6
9.Qe2 Be7 10.b3 Bb7 11.Bb2 O-O 12.Na4 c5 13.Bxf6 Bxf6 14.e5 Be7 15.c4 Bc6
16.Nb2 a5 17.a4 Qc7 18.f4 Rab8 19.Bc2 g6 20.Qg4 Kg7 21.Rad1 Rbd8 22.h4 h5
23.Qg3 dxc4 24.Nxc4 Rxd1 25.Rxd1 Rd8 26.f5 Rxd1+ 27.Bxd1 exf5 28.Nd6 Qd7
29.Bxh5 Qe6 30.Bf3 Bxf3 31.gxf3 Bxd6 32.exd6 Qe3+ 33.Kg2 f4 34.Qg4 Qd2+ 35.Kf1 Qxd6
36.h5 Qd3+ 37.Kf2 Qf5 38.Qxf5 gxf5 39.Kf1 Kh6 40.Kf2 Kxh5 41.Kf1 Kg5 42.Kf2 Kg6
43.Kf1 Kh5 44.Kf2 Kg5 45.Kf1 Kf6 46.Ke2 Ke5 47.Kd3 Kd5 48.Kc3  1/2-1/2

[Event "Victorian Open"]
[Site "Melbourne AUS"]
[Date "2011.06.13"]
[Round "7"]
[White "Rujevic,M"]
[Black "Dragicevic,Do"]
[Result "0-1"]
[WhiteElo "2306"]
[BlackElo "2248"]

1.e4 c5 2.Nf3 e6 3.d4 cxd4 4.Nxd4 a6 5.Nc3 Qc7 6.Bd3 Nf6 7.Qe2 d6 8.O-O b5
9.a3 Bb7 10.f4 Nbd7 11.Nf3 Be7 12.Kh1 O-O 13.Bd2 Nc5 14.b4 Nxd3 15.cxd3 Qd7
16.Qf2 Rac8 17.Ne2 e5 18.Rac1 exf4 19.Nxf4 Rxc1 20.Bxc1 Rc8 21.Bb2 Ne8 22.Nh5 Qg4
23.Ng3 Bf8 24.Nf5 Rc7 25.h3 Qh5 26.Kh2 f6 27.N3d4 Bc8 28.Ne3 Rd7 29.Ne6 Rf7
30.Nxf8 Rxf8 31.Rc1 Bb7 32.Nf5 Qf7 33.Qb6 d5 34.exd5 Bxd5 35.Qxa6 Bxg2 36.Rg1 Qd7
37.Nxg7 Qxh3+  0-1

[Event "Integra NSW Open"]
[Site "Parramatta AUS"]
[Date "2011.06.13"]
[Round "7"]
[White "Chen,Pengyu"]
[Black "Ikeda,J"]
[Result "0-1"]
[WhiteElo "2029"]
[BlackElo "2315"]

1.e4 c5 2.Nf3 e6 3.Nc3 a6 4.d4 cxd4 5.Nxd4 Qc7 6.Bd3 Nf6 7.O-O Bd6 8.g3 Bc5
9.Nb3 Ba7 10.Bf4 d6 11.Be2 e5 12.Bg5 Nbd7 13.Qd2 h6 14.Be3 Bxe3 15.Qxe3 Nb6
16.Rfd1 Be6 17.a4 Rd8 18.a5 Nc8 19.f4 exf4 20.gxf4 O-O 21.f5 Bxb3 22.cxb3 d5
23.Nxd5 Nxd5 24.exd5 Rfe8 25.Qf2 Nd6 26.Bd3 Ne4 27.Bxe4 Rxe4 28.Ra4 Qe5 29.Rxe4 Qxe4
30.d6 Qg4+  0-1

[Event "Voronezh Master Open"]
[Site "Voronezh RUS"]
[Date "2011.06.13"]
[Round "2.42"]
[White "Kovtunenko,A"]
[Black "Potapova,M"]
[Result "0-1"]
[WhiteElo "2199"]
[BlackElo "1852"]

1.e4 c5 2.Nf3 e6 3.Nc3 a6 4.d4 cxd4 5.Nxd4 Qc7 6.Bd3 b5 7.Be3 Bb7 8.O-O Nf6
9.Nb3 b4 10.Na4 Bxe4 11.Bxe4 Nxe4 12.Nb6 Ra7 13.Qd4 Qb7 14.Na5 Nc6 15.Nxc6 Qxc6
16.Nc4 Rc7 17.Ne5 Qb7 18.Nd3 d5 19.a3 Rc4 20.Qe5 bxa3 21.Rxa3 Bxa3 22.Qxg7 Rf8
23.bxa3 Rxc2 24.Bh6 Qe7 25.Rb1 Rc8 26.Rb7 Qxa3 27.Rb4 Kd7 28.Qd4 Nd6 29.Ne5+ Ke8
30.h3 Nf5 31.Qc5 Qa1+ 32.Bc1 Rxc5 33.Rb8+ Ke7  0-1

[Event "Voronezh Master Open"]
[Site "Voronezh RUS"]
[Date "2011.06.13"]
[Round "2.14"]
[White "Polivanov,A"]
[Black "Zenzera,A"]
[Result "1-0"]
[WhiteElo "2414"]
[BlackElo "2217"]

1.e4 c5 2.Nf3 e6 3.d4 cxd4 4.Nxd4 a6 5.Nc3 Qc7 6.Be2 Nf6 7.f4 d6 8.g4 Nc6
9.g5 Nd7 10.Be3 b5 11.Nxc6 Qxc6 12.Qd4 Rb8 13.a3 Nb6 14.O-O-O Nc4 15.Bxc4 bxc4
16.e5 Bb7 17.exd6 Rd8 18.Ne4 Rd7 19.Qa7 Bc8 20.Qd4 Bb7 21.Qa7 Bc8 22.Qc5 Bb7
23.Qxc6 Bxc6 24.Rd4 Bd5 25.Rhd1 h6 26.gxh6 Rxh6 27.f5 Rh3 28.fxe6 fxe6 29.Bf4 Rh4
30.Ng5 Rb7 31.Bg3 Rh5 32.Ne4 Rf7 33.Nc5 Kd8 34.Nxa6 Bb7 35.d7 Rd5 36.Nb8 g6
37.Bh4+ Be7 38.Bxe7+ Kxe7 39.Rxc4 Rxd1+ 40.Kxd1 Rf8 41.Nc6+ Kxd7 42.Ne5+ Kd6
43.Nxg6 Rf1+ 44.Kd2 Rf2+ 45.Kc3 Rxh2 46.Rd4+  1-0

[Event "Voronezh FIDE Open"]
[Site "Voronezh RUS"]
[Date "2011.06.14"]
[Round "3.16"]
[White "Pershin,Denis"]
[Black "Serdjukov,S"]
[Result "1-0"]
[WhiteElo "1974"]
[BlackElo "2099"]

1.e4 c5 2.Nf3 e6 3.Nc3 a6 4.d4 cxd4 5.Nxd4 b5 6.Bd3 Bb7 7.O-O Qc7 8.Re1 d6
9.Qf3 Ne7 10.Qg3 Ng6 11.h4 Nd7 12.h5 Nge5 13.Bf1 b4 14.Nce2 Bxe4 15.Nf4 Nc5
16.Bd2 Qb6 17.a3 b3 18.cxb3 Bb7 19.Be3 Qd8 20.f3 Be7 21.Bf2 Bf6 22.Rac1 h6
23.b4 Na4 24.Nfxe6 fxe6 25.Nxe6 Qb8 26.f4 Bc8 27.Nc7+ Kd7 28.Nxa8 Nc6 29.Bc4 Qxa8
30.Qb3 Nxb2 31.Bd5 Bb7 32.b5 Nd4 33.Bc6+ Bxc6 34.Qf7+ Kd8 35.bxc6 Nxc6 36.Qe6 Qb7
37.Qxd6+ Qd7  1-0

[Event "DJEM U18 w"]
[Site "Oberhof GER"]
[Date "2011.06.15"]
[Round "6.4"]
[White "Schulz,A2"]
[Black "Stark,Sas"]
[Result "1-0"]
[WhiteElo "2087"]
[BlackElo "2019"]

1.e4 c5 2.Nf3 e6 3.d4 cxd4 4.Nxd4 a6 5.Nc3 Qc7 6.Bd3 Nf6 7.f4 Bb4 8.O-O Bxc3
9.bxc3 Qxc3 10.Nb3 b5 11.Qf3 Bb7 12.Bd2 Qc7 13.Ba5 Qc8 14.Qg3 g6 15.Qg5 Ng8
16.f5 h6 17.Qg3 Ne7 18.f6 Ng8 19.Bb4 d5 20.exd5 Bxd5 21.Bxg6 Qb7 22.Bh5 Nc6
23.Bc5 O-O-O 24.a4 Nxf6 25.Rxf6 Rhg8 26.Bg6 b4 27.Rxf7 Rd7 28.Raf1 Nd8 29.Rxd7 Qxd7
30.Rf6 Be4 31.Bxe4 Rxg3 32.hxg3 Qxa4 33.Rf8 Qd7 34.Nd4 Kc7 35.Nb3 Nf7 36.Bxb4 Qd1+
37.Kf2 Ng5 38.Ba5+  1-0

[Event "Voronezh Master Open"]
[Site "Voronezh RUS"]
[Date "2011.06.16"]
[Round "5.8"]
[White "Shchukin,D"]
[Black "Kalegin,E"]
[Result "0-1"]
[WhiteElo "2344"]
[BlackElo "2471"]

1.e4 c5 2.Nf3 e6 3.d4 cxd4 4.Nxd4 a6 5.Nc3 b5 6.g3 Bb7 7.Bg2 Nf6 8.O-O b4
9.Na4 Bxe4 10.Bxe4 Nxe4 11.Re1 Nc5 12.c3 Nxa4 13.Qxa4 Qb6 14.Be3 Bc5 15.Rad1 O-O
16.a3 bxc3 17.b4 Bxd4 18.Bxd4 Qc6 19.Qb3 d6 20.Re3 Nd7 21.Rxc3 Qb7 22.Rdc1 Qe4
23.Rc7 Ne5 24.Bxe5 Qxe5 25.Rd7 h5 26.Qf3 Rad8 27.Ra7 d5 28.Rcc7 d4 29.Rxf7 Rxf7
30.Qxf7+ Kh7 31.Rxa6 d3 32.Rxe6 d2  0-1

[Event "7th Metropolitan IM"]
[Site "Los Angeles USA"]
[Date "2011.06.17"]
[Round "5"]
[White "Amanov,Z"]
[Black "Liou,Y"]
[Result "1-0"]
[WhiteElo "2364"]
[BlackElo "2273"]

1.e4 c5 2.Nf3 e6 3.Nc3 a6 4.d4 cxd4 5.Nxd4 Qc7 6.g3 Bb4 7.Bd2 Nf6 8.Bg2 O-O
9.O-O Be7 10.a4 Nc6 11.Nb3 b6 12.f4 d6 13.g4 Bb7 14.g5 Ne8 15.f5 Ne5 16.Qe2 Qc4
17.Qf2 Bd8 18.fxe6 Qxe6 19.Nd5 Bxd5 20.exd5 Qg4 21.Qf4 Qxf4 22.Bxf4 Nc4 23.Bc1 f5
24.Nd4 g6 25.b3 Ne5 26.Nc6 Nxc6 27.dxc6 Nc7 28.Bf4 Be7 29.Rad1 Rad8 30.Rd3 Rfe8
31.Rfd1 Kf7 32.b4 Bf8 33.c4 Ne6 34.Bd5 Kg7 35.Bc1 h6 36.h4 Kh7 37.Kf2 Nc7
38.Bf3 h5 39.Bf4 Kg7 40.Bxd6 Bxd6 41.Rxd6 Rxd6 42.Rxd6 Re7 43.Bd5 b5 44.cxb5 axb5
45.axb5 Nxb5 46.Rd7 Kf8 47.Bc4 Nc7 48.b5  1-0